1967 steam charts (Record no. 20544)

000 -LEADER
fixed length control field 00500nam a22001931 4500
001 - CONTROL NUMBER
control field 20544
003 - CONTROL NUMBER IDENTIFIER
control field BD-DhUET
008 - FIXED-LENGTH DATA ELEMENTS--GENERAL INFORMATION
fixed length control field 700914s1968 nyua 000 0 eng
020 ## - INTERNATIONAL STANDARD BOOK NUMBER
International Standard Book Number 0713130458
040 ## - CATALOGING SOURCE
Original cataloging agency DLC
Transcribing agency DLC
Modifying agency BD-DhUET
082 ## - DEWEY DECIMAL CLASSIFICATION NUMBER
Classification number 621.101084
Item number ELE/1967
110 ## - MAIN ENTRY--CORPORATE NAME
Corporate name or jurisdiction name as entry element Electrical Research Association
245 10 - TITLE STATEMENT
Title 1967 steam charts
250 ## - EDITION STATEMENT
Edition statement 1st ed.
260 ## - PUBLICATION, DISTRIBUTION, ETC. (IMPRINT)
Place of publication, distribution, etc. London
Name of publisher, distributor, etc. Edward Arnold
Date of publication, distribution, etc. 1967
300 ## - PHYSICAL DESCRIPTION
Extent vii, 64 p. (chiefly illus., part col.)
Dimensions 31 cm.
650 #0 - SUBJECT ADDED ENTRY--TOPICAL TERM
Topical term or geographic name as entry element Steam
942 ## - ADDED ENTRY ELEMENTS (KOHA)
Koha item type Corporate Publication
Holdings
Location (home branch) Date acquired Not for loan Piece designation (barcode) Shelving location Koha item type Sublocation or collection (holding branch) Damaged status Koha normalized classification for sorting Koha date last seen Copy number Lost status Price effective from Withdrawn status Koha full call number Source of classification or shelving scheme
Central Library, BUET2015-04-12 18295Circulation sectionCorporate PublicationCentral Library, BUET 621_101084000000000_ELE_19672015-04-121 2015-04-12 621.101084/ELE/1967 
Central Library, BUET2015-04-12 18293Circulation sectionCorporate PublicationCentral Library, BUET 621_101084000000000_ELE_19672015-04-122 2015-04-12 621.101084/ELE/1967 
Central Library, BUET2015-04-12 13166Circulation sectionCorporate PublicationCentral Library, BUET 621_101084000000000_ELE_19672015-04-123 2015-04-12 621.101084/ELE/1967 
Central Library, BUET2015-04-12 13162Circulation sectionCorporate PublicationCentral Library, BUET 621_101084000000000_ELE_19672015-04-124 2015-04-12 621.101084/ELE/1967 
Central Library, BUET2015-04-12 18297Circulation sectionCorporate PublicationCentral Library, BUET 621_101084000000000_ELE_19672015-04-125 2015-04-12 621.101084/ELE/1967 
Central Library, BUET2015-04-12 18296Circulation sectionCorporate PublicationCentral Library, BUET 621_101084000000000_ELE_19672015-04-126 2015-04-12 621.101084/ELE/1967 
Central Library, BUET2015-04-12 18294Circulation sectionCorporate PublicationCentral Library, BUET 621_101084000000000_ELE_19672015-04-127 2015-04-12 621.101084/ELE/1967 
Central Library, BUET2015-04-12 18300Circulation sectionCorporate PublicationCentral Library, BUET 621_101084000000000_ELE_19672015-04-128 2015-04-12 621.101084/ELE/1967 
Central Library, BUET2015-04-12 13163Circulation sectionCorporate PublicationCentral Library, BUET 621_101084000000000_ELE_19672015-04-129 2015-04-12 621.101084/ELE/1967 
Central Library, BUET2015-04-12 18299Circulation sectionCorporate PublicationCentral Library, BUET 621_101084000000000_ELE_19672015-04-1210 2015-04-12 621.101084/ELE/1967 
Central Library, BUET2015-04-12 13165Circulation sectionCorporate PublicationCentral Library, BUET 621_101084000000000_ELE_19672015-04-1211 2015-04-12 621.101084/ELE/1967 
Central Library, BUET2015-04-12 18302Circulation sectionCorporate PublicationCentral Library, BUET 621_101084000000000_ELE_19672015-04-1212 2015-04-12 621.101084/ELE/1967 
Central Library, BUET2015-04-12 18301Circulation sectionCorporate PublicationCentral Library, BUET 621_101084000000000_ELE_19672015-04-1213 2015-04-12 621.101084/ELE/1967